100 anys a l'avantguarda de la restauració monumental : SCCM-SPAL, 1914-2014 / SCCM-SPAL, 1914-2014 /
MARC
| LEADER | 00000nam a2200000 a 4500 | ||
|---|---|---|---|
| 001 | 26380 ; 28876 | ||
| 003 | AGDB | ||
| 005 | 20260324181512.0 | ||
| 008 | 150526s2015 spc|||| |||| 0|0 0 cat| | ||
| 017 | |a B 2792-2015 |b Biblioteca de Catalunya | ||
| 040 | |a agdb |b cat | ||
| 080 | |a Bib-870 | ||
| 245 | 0 | 0 | |a 100 anys a l'avantguarda de la restauració monumental : |b SCCM-SPAL, 1914-2014 / |c textos: Joan Closa Pujabet [i 7 més] |
| 246 | 1 | 0 | |a Cent anys a l'avantguarda de la restauració monumental |
| 260 | |a Barcelona : |b Gabinet de Premsa i Comunicació de la Diputació de Barcelona, |c DL 2015 | ||
| 300 | |a 126 pàgines : |b il·lustracions ; |c 24 cm | ||
| 500 | |a A la portada: Mancomunitat de Catalunya | ||
| 504 | |a Referències bibliogràques | ||
| 610 | 0 | |a Barcelona (Catalunya : Província). |b Servei de Patrimoni Arquitectònic Local |9 19202 | |
| 650 | 0 | |a Monuments |x Conservació i restauració |x Barcelona (Catalunya : Província) |x Exposicions |9 20659 | |
| 655 | 0 | |a Catàlegs d'exposicions |9 69807 | |
| 700 | |a Closa, Joan, |d 1969- |9 19203 | ||
| 710 | 1 | |a Barcelona (Catalunya : Província). |b Diputació |e entitat productora |9 52408 | |
| 908 | |a RABL |a UdG |a UB |a MUHBA |a UPF |a URV |a UPC |a UdL |a URL |a BMON |a COAC |a BC |a AHCB | ||
| 940 | |a BC | ||
| 942 | |2 udc |c ARXIU |n 1 | ||
| 952 | |0 0 |1 0 |4 0 |6 BIB870 |7 1 |9 63267 |a Arxiu |b Arxiu |d 2022-07-29 |l 0 |o Bib-870 |p 26380 |r 2022-07-29 00:00:00 |w 2022-07-29 |y ARXIU | ||
| 952 | |0 0 |1 0 |2 udc |4 0 |6 BIB1276 |7 1 |9 98122 |a Arxiu |b Arxiu |d 2025-05-21 |l 0 |o Bib-1276 |p 28876 |r 2025-05-21 00:00:00 |w 2025-05-21 |y ARXIU |x Donació de la Subdirecció d'Edificació | ||
| 999 | |c 82514 |d 82514 | ||